000 00724nam a2200253Ia 4500
003 OSt
005 20221006142659.0
006 a|||||r|||| 00| 0
007 ta
008 221006b |||||||| |||| 00| 0 eng d
020 _c54.00
024 _a6,925
037 _cTextual
040 _aEASL
_cEASL
_beng
041 _2eng
_aeng
082 _aV420bX8(J).N22<-M73, K6
100 _aNAKAMURA James I
245 0 _aAgricultural production and the economic development of Japan 1873 -1922
260 _aPrinceton
_bPrinceton University Press
_c1966
300 _a257p.
_ccm.
490 _v JEL
942 _hV420bX8(J).N22<-M73, K6
_cTEXL
_2CC
999 _c1075011
_d1075011